Maastricht und die Folgen.
Menová únia ES a jej politické podmienky. Skúsenosti so znovuzjednotením SRN s NDR a jeho ekonomické súvislosti v oblasti príjmov, spotreby.. a ich porovnanie s možnými dôsledkami zjednotenia Európy po Maastrichte. Zosúladenie právnych a ekonomických noriem v rámci integrovaného ES a jeho hlavné obl...
Salvato in:
| Autore principale: | |
|---|---|
| Natura: | Capitolo di libro |
| Lingua: | tedesco |
| Soggetti: | |
| Tags: |
Nessun Tag, puoi essere il primo ad aggiungerne!!
|
MARC
| LEADER | 00000naa a2200000 4500 | ||
|---|---|---|---|
| 001 | r010504 | ||
| 005 | 20221208123447.4 | ||
| 041 | 0 | |a ger | |
| 044 | |a DE | ||
| 245 | 1 | 0 | |a Maastricht und die Folgen. |c A. Schütz |
| 520 | |a Menová únia ES a jej politické podmienky. Skúsenosti so znovuzjednotením SRN s NDR a jeho ekonomické súvislosti v oblasti príjmov, spotreby.. a ich porovnanie s možnými dôsledkami zjednotenia Európy po Maastrichte. Zosúladenie právnych a ekonomických noriem v rámci integrovaného ES a jeho hlavné oblasti (dane, právo, vzdelanie, ekológia, konkurencia..). Realizácia platieb. Peniaze a mena. Problém mandátu vlády SRN od obyvateľov pre Maastricht. Ohrozenie blahobytu. | ||
| 610 | 2 | 0 | |a únie menové |
| 610 | 2 | 0 | |a Európske spoločenstvá |
| 610 | 2 | 0 | |a Nemecko |
| 610 | 2 | 0 | |a východné Nemecko |
| 610 | 2 | 0 | |a Maastricht |
| 610 | 2 | 0 | |a integrácia ekonomická medzinárodná |
| 610 | 2 | 0 | |a peniaze |
| 610 | 2 | 0 | |a mena |
| 610 | 2 | 0 | |a normy právne |
| 610 | 2 | 0 | |a blahobyt |
| 610 | 2 | 0 | |a vzťah politiky a ekonomiky |
| 100 | 1 | |a Schütz, A. | |